-
SRIVASTAVA, DR. B.B.L AND MISHRA, DR. AMARNATH
Entry Personal Name
Number of records used in: 1
001 - CONTROL NUMBER
003 - CONTROL NUMBER IDENTIFIER
005 - DATE AND TIME OF LATEST TRANSACTION
- control field:
20251121145439.0
008 - FIXED-LENGTH DATA ELEMENTS
- fixed length control field:
251121|| aca||aabn | a|a d
040 ## - CATALOGING SOURCE
- Original cataloging agency:
JRU
- Transcribing agency:
JRU
100 ## - HEADING--PERSONAL NAME
- Personal name:
SRIVASTAVA, DR. B.B.L AND MISHRA, DR. AMARNATH
670 ## - SOURCE DATA FOUND
- Source citation:
Work cat.: (JRU)8943: SRIVASTAVA, DR. B.B.L AND MISHRA, DR. AMARNATH, FUNDAMENTAL OF ANALYTICAL CHEMISTRY , 2025